| 000 | 00747nam a2200241Ia 4500 | ||
|---|---|---|---|
| 003 | OSt | ||
| 005 | 20220918221414.0 | ||
| 006 | a|||||r|||| 00| 0 | ||
| 007 | ta | ||
| 008 | 220917b |||||||| |||| 00| 0 eng d | ||
| 024 | _a158,132 | ||
| 037 | _cTextual | ||
| 040 |
_aARTS _cARTS _beng |
||
| 041 |
_2eng _aeng |
||
| 082 | _aP111:3, N9 | ||
| 245 | 0 | _aCollocational and idiomatic aspects of composite predicates in the history of english edited by Laurel J. Brinton and Minoji Akimoto | |
| 260 |
_aAmsterdam _bJohn Benjamins Publishing Company _c1999 |
||
| 300 |
_axii, 286p. _ccm. |
||
| 490 | _aStudies in language companion series | ||
| 650 | _aLINGUISTICS | ||
| 942 |
_hP111:3, N9 _cTEXL _2CC |
||
| 999 |
_c272422 _d272422 |
||